Arboles nacionales de América Latina y el Caribe = National trees of Latin American and the Caribbean (Registro nro. 12866)
[ vista simple ]
| 000 -Cabecera | |
|---|---|
| Campo de control de longitud fija | 00685nam a22002417a 4500 |
| 005 - Fecha y hora de la última transacción | |
| Campo de control | 20240716094739.0 |
| 008 - Elementos de longitud fija--Información general | |
| Campo de control de longitud fija | 210113b1993 cr ||||| |||| 00| 0 spa d |
| 020 ## - International Standard Book Number | |
| Número Internacional Estándar del Libro (ISBN) | 9977660581 |
| 041 ## - Idioma | |
| Código de idioma | Español |
| 082 ## - Clasificación Decimal Dewey | |
| Número de clasificación | 582.16 R658a |
| 100 ## - Entrada principal--Autor personal | |
| Nombre personal | Rojas Rodríguez, Freddy Eduardo |
| 9 (RLIN) | 59456 |
| 245 ## - Título propiamente dicho | |
| Título | Arboles nacionales de América Latina y el Caribe = National trees of Latin American and the Caribbean |
| 260 ## - Pie de imprenta | |
| Lugar de publicación, distribución, etc. | Costa Rica |
| 260 ## - Pie de imprenta | |
| Nombre del editor, distribuidor, etc. | Editorial Tecnológica de Costa Rica |
| 260 ## - Pie de imprenta | |
| Fecha de publicación, distribución, etc. | 1993 |
| 300 ## - Descripción física | |
| Extensión | 98 páginas |
| 505 ## - Nota de contenido | |
| Nota de contenido | Incluye fotografías |
| 650 ## - Materia general | |
| Temática (materia general) | ÁRBOLES |
| 650 ## - Materia general | |
| Temática (materia general) | ÁRBOLES NACIONALES |
| 650 ## - Materia general | |
| Temática (materia general) | COSTA RICA |
| 942 ## - Punto de acceso adicional KOHA | |
| Tipo de ítem KOHA | Libro |
| Fuente del sistema de clasificación o colocación | Dewey Decimal Classification |
| Signatura completa | Código de barras | Programa Académico | Tipo de ítem |
|---|---|---|---|
| 582.16 R658a | 6686 | Turismo | Libro |
| 582.16 R658a | 5877 | Turismo | Libro |